| 000 | 00695nam a22001817a 4500 | ||
|---|---|---|---|
| 005 | 20260226145350.0 | ||
| 010 | _aBACEN26 | ||
| 020 |
_a9789364685979 _c899.00 |
||
| 037 | _bS Chand And Company Limited Publication | ||
| 082 | _a000 | ||
| 100 |
_aAggarwal, RS _987494 |
||
| 245 |
_aA Modern Approach to Verbal And Non Verbal Reasoning _b by R.S. Aggarwal |
||
| 260 |
_aDelhi _bS Chand And Company Limited _c2025 |
||
| 270 |
_aA-27, 2nd Floor, Mohan Co-operative Industrial Estate _bDelhi _e110044 |
||
| 300 |
_aVarious Pages _c27cm(pb) |
||
| 500 | _aIBPS- PO/Clerk/SO, RRB Officers, SBI-PO/Clerk, RBI, NABARD and IDBI Bank Executive Officer | ||
| 942 |
_2ddc _cEN _h000 _mVER |
||
| 999 |
_c214957 _d214957 |
||